000 00916nam a2200289 a 4500
001 BRL_20
005 20190320210543.0
008 761019s1950 mx-a######---#000-0#spa-#
040 _aDLC
_cTxU
_dDLC
041 _aspa
044 _amx
050 4 _aN6553
_b.E53 1 1950
100 1 _aCarrillo y Gariel, Abelardo
_91363
245 1 0 _aImaginería popular novoespañola
_cAbelardo Carrillo y Gariel.
260 _aMéxico
_bEdiciones Mexicanas
_c1950
300 _a45 p.
_bil.
_c24 cm.
440 0 _aEnciclopedia mexicana de arte
_v1
_922673
500 _aIncluye ilustraciones al final, [44] p.
500 _aLa biblioteca cuenta con 2 ejemplares
500 _aSe cuenta con un ejemplar en el Fondo GFM (Q62)
500 _aEj.1 Au66. Ej.2 Au1027
650 1 4 _aArte
_zMéxico
_922674
650 1 4 _aArte y simbolismo cristianos
_94853
650 1 4 _aÍdolos e imágenes
_918214
902 _aGRL
942 _2lcc
_cB
999 _c8833
_d8833